The 7 Seas - Statistics

General Stats
  • This quiz has been taken 61 times
  • The average score is 6 of 7
Answer Stats
Hint Answer % Correct
Russia annexed Crimea, a major port on this sea. (also a color) Black Sea
98%
Eastern Africa and The Middle east. (also a color) Red Sea
98%
Northern Africa, Parts of the middle east, and Southern Europe. Mediterranean Sea
88%
The Uk and Benelux border this one. (is a direction) North Sea
87%
Estonia, Latvia, and Lithuania Got their nickname from this. Baltic Sea
85%
The Only American Sea. Caribbean Sea
77%
The Stans and Caucasus Border this one. Caspian Sea
77%
No matching quizzes found
Score Distribution
Percent of People with Each Score
Percentile by Number Answered
Your Score History
You have not taken this quiz